Green or gone

Gardado en:
Detalles Bibliográficos
Autor Principal: David Shearman
Formato: Libro
Idioma:Undetermined
Publicado: Kent Town, South Autralia Wakefield Press 1997
Những chủ đề:
Các nhãn: Engadir etiqueta
Sen Etiquetas, Sexa o primeiro en etiquetar este rexistro!
Thư viện lưu trữ: Trung tâm Học liệu Trường Đại học Cần Thơ
LEADER 00489nam a2200169Ia 4500
001 CTU_56187
008 210402s9999 xx 000 0 und d
082 |a 304.2 
082 |b S539 
100 |a David Shearman 
245 0 |a Green or gone 
245 0 |c David Shearman and Gary Sauer-Thompson 
260 |a Kent Town, South Autralia 
260 |b Wakefield Press 
260 |c 1997 
650 |a environmental health,human ecology 
980 |a Trung tâm Học liệu Trường Đại học Cần Thơ